000 02201cam a22003014a 4500
005 20180601164027.0
008 11 s2001 enka frb 001 0 eng d
020 _a0754605280
020 _a9780754605287
035 _a(OCoLC)46732640
_z(OCoLC)47271344
_z(OCoLC)48571469
_z(OCoLC)59135234
_z(OCoLC)492212495
040 _aCo-BoUCM
_bspa
_cSaul Niño
_dSaul Niño
041 0 _aeng
060 0 0 _aWZ 100
245 0 0 _aReinventing Hippocrates
_ceditado por David Cantor
260 _aAldershot (Hampshire, Inglaterra)
_bAshgate
_c2001
300 _ax, 341 páginas
_bilustraciones
490 1 _aThe history of medicine in context
504 _aIncluye referencias bibliográficas e índices
505 0 _aIntroduction: the uses and meanings of Hippocrates -- The power of paternity: the father of medicine meets the prince of physicians -- Hippocrates and the construction of 'progress' in sixteenth- and seventeenth-century medicine -- The chemical Hippocrates: Paracelsian and Hippocratic theory in Petrus Severinus' medical philosophy -- The transformation of Hippocrates in seventeenth-century Britain -- Hippocrates and the politics of medical knowledge in early modern England -- Hippocrates, Bacon, and medical meteorology at the Royal Society, 1700-1750 -- Hippocrates and the Montpellier Vitalists in the French medical enlightenment -- The rhetoric of Hippocrates at the Paris School -- Making history in American medical culture: the antebellum competition for Hippocrates -- Hippocrates American style: representing professional morality in early twentieth-century America -- Hippocrates, holism and humanism in interwar France -- The name and the word: neo-Hippocratism and language in interwar Britain -- A model for the new physician: Hippocrates in interwar Germany.
600 0 _aHippocrates
_d460-370
_xInfluencia
_973055
650 0 _aMedicina
_9225
_xHistoria
650 0 _aMedicina antigua
_919130
_xHistoria
_ySiglo XVI
650 7 _aMedicina griega y romana
_xHistoria
_973057
690 _942847
_aHistoria de la medicina
700 1 _aCantor, David
_973058
942 _2NLM
_a15
_cLIBRO
_e1
_hWZ 100
_mC232re
_n0
948 _hNO HOLDINGS IN COUDR - 144 OTHER HOLDINGS
999 _c301739
_d301739